00971nam a22002057a 4500003000400000008004100004020001800045082001800063245010600081260006300187300001100250650003400261650004100295650003900336700001900375942001200394999001700406952017100423952017100594OSt260625b |||||||| |||| 00| 0 eng d a9789391734008 a635.046bS61M aManagement of Postharvest Diseases and Value addition of horticultural Crops/ edited by Dinesh Singh aDelhi : bToday & Tomorrow Printers and Publishers,c2022. a368 p. aTechnology (Applied Sciences) aAgriculture and related technologies aHorticultural crops / Garden crops aSingh, Dinesh  2ddccBK c52314d52314 00102ddc4070aRAUbRAUcGENd2026-06-25eToday & Tomorrow Printers and Publishers g7995.00l0o635.046 S61Mp87542r2026-06-25w2026-01-29yBKkBill No. IN-00449  00102ddc4070aRAUbRAUcGENd2026-06-25eToday & Tomorrow Printers and Publishers g7995.00l0o635.046 S61Mp87543r2026-06-25w2026-01-29yBKkBill No. IN-00449